Normal view MARC view
  • Craig, Wendy,

Entry Personal Name

Number of records used in: 1

001 - CONTROL NUMBER

  • control field: 39049

003 - CONTROL NUMBER IDENTIFIER

  • control field: OSt

005 - DATE AND TIME OF LATEST TRANSACTION

  • control field: 20160114135331.0

008 - FIXED-LENGTH DATA ELEMENTS

  • fixed length control field: 160114|| aca||aabn | a|a d

040 ## - CATALOGING SOURCE

  • Original cataloging agency: OSt

100 1# - HEADING--PERSONAL NAME

  • Personal name: Craig, Wendy,
  • Dates associated with a name: 1934-

400 1# - SEE FROM TRACING--PERSONAL NAME

  • Personal name: Marr, Jonathan,
  • Dates associated with a name: 1934-